PIENIĄDZE MOŻEMY TRZYMAĆ W: - Statystyki

Ogólne statystyki
  • Ten quiz został rozwiązany 96 razy
  • Średni wynik to 4 z 6
Statystyki odpowiedzi
Odpowiedź % Poprawnych
PORTFELU
90%
BANKU
74%
KIESZENI
62%
SEJFIE
46%
SKARPECIE
46%
SKARBONCE
45%
Nie znaleziono quizów pasujących do podanych kryteriów
Rozkład punktacji
Procent ludzi z każdym wynikiem
Percentyl według liczby udzielonych odpowiedzi
Twoja historia wyników
Nie rozwiązałeś tego quizu